[Event "Oberliga Ost-B 2324"]
[Site "Germany"]
[Date "2024.02.24"]
[Round "6.6"]
[White "Zitzelsberger, Philipp"]
[Black "Overbeck, Thorsten"]
[Result "1/2-1/2"]
[WhiteElo "1966"]
[BlackElo "2272"]
[PlyCount "37"]
[EventDate "2023.10.22"]
[EventType "team-tourn"]
[EventRounds "11"]
[EventCountry "GER"]
[SourceTitle "EXT 2025"]
[Source "ChessBase"]
[SourceDate "2024.10.14"]
[SourceVersion "1"]
[SourceVersionDate "2024.10.14"]
[SourceQuality "1"]
[WhiteTeam "Erfurt SK II"]
[BlackTeam "Neuberg"]
[WhiteTeamCountry "GER"]
[BlackTeamCountry "GER"]

1. d4 d5 2. Nc3 Nf6 3. Bf4 c5 4. e4 dxe4 5. dxc5 Qxd1+ 6. Rxd1 a6 7. Bc4 Bg4 8. Nge2 Nbd7 9. b4 e6 10. 0-0 Be7 11. Rd2 h6 12. h3 Bf5 13. Rfd1 g5 14. Bd6 Bg6 15. Bb3 Bxd6 16. Rxd6 Ke7 17. Ng3 Rhd8 18. a3 Rac8 19. Na4 1/2-1/2

[Event "Oberliga Ost-B 2324"]
[Site "Germany"]
[Date "2024.01.14"]
[Round "5.7"]
[White "Kushka, Alena"]
[Black "Overbeck, Thorsten"]
[Result "1/2-1/2"]
[WhiteElo "2154"]
[BlackElo "2279"]
[PlyCount "65"]
[EventDate "2023.10.22"]
[EventType "team-tourn"]
[EventRounds "11"]
[EventCountry "GER"]
[SourceTitle "EXT 2025"]
[Source "ChessBase"]
[SourceDate "2024.10.14"]
[SourceVersion "1"]
[SourceVersionDate "2024.10.14"]
[SourceQuality "1"]
[WhiteTeam "Hofheim II"]
[BlackTeam "Neuberg"]
[WhiteTeamCountry "GER"]
[BlackTeamCountry "GER"]

1. d4 d5 2. c4 e6 3. Nc3 c6 4. cxd5 exd5 5. Bf4 Bf5 6. e3 Bd6 7. Bxd6 Qxd6 8. g4 Bg6 9. h4 h6 10. Nf3 Nd7 11. Qb3 Ngf6 12. Bh3 h5 13. g5 Ng4 14. Rg1 Bf5 15. Ne2 0-0-0 16. Nf4 g6 17. a4 Rde8 18. Kf1 Re7 19. Rc1 Kb8 20. Rc3 f6 21. a5 a6 22. Qa3 Qxa3 23. Rxa3 Rf8 24. Bxg4 hxg4 25. Nh2 Rh7 26. Nxg4 Rxh4 27. Nxf6 Nxf6 28. gxf6 Rxf6 29. b4 Be4 30. Ra2 Rh2 31. Rd2 Kc7 32. Ke1 Bf3 33. Nd3 1/2-1/2

[Event "Oberliga Ost-B 2324"]
[Site "Germany"]
[Date "2024.01.13"]
[Round "4.7"]
[White "Overbeck, Thorsten"]
[Black "Prudlo, Simon"]
[Result "1/2-1/2"]
[WhiteElo "2279"]
[BlackElo "2139"]
[PlyCount "62"]
[EventDate "2023.10.22"]
[EventType "team-tourn"]
[EventRounds "11"]
[EventCountry "GER"]
[SourceTitle "EXT 2025"]
[Source "ChessBase"]
[SourceDate "2024.10.14"]
[SourceVersion "1"]
[SourceVersionDate "2024.10.14"]
[SourceQuality "1"]
[WhiteTeam "Neuberg"]
[BlackTeam "Heusenstamm"]
[WhiteTeamCountry "GER"]
[BlackTeamCountry "GER"]

1. d4 Nf6 2. c4 g6 3. Nc3 Bg7 4. e4 0-0 5. Nf3 d6 6. Be2 e5 7. 0-0 exd4 8. Nxd4 Nc6 9. Be3 Re8 10. f3 Nxd4 11. Bxd4 a6 12. Qd2 Bd7 13. Rfd1 Rb8 14. Ba7 Rc8 15. Bf2 Be6 16. Rac1 Qe7 17. Rc2 Red8 18. Bh4 c6 19. Bg5 b5 20. cxb5 axb5 21. b4 Qf8 22. f4 h6 23. Bh4 Rd7 24. Bd3 d5 25. e5 Ne4 26. Qe1 Qxb4 27. Nxe4 Qxe1+ 28. Rxe1 dxe4 29. Bxb5 Bxa2 30. Bxc6 Bd5 31. Ba4 Rdc7 1/2-1/2

[Event "Oberliga Ost-B 1819"]
[Site "Germany"]
[Date "2019.04.07"]
[Round "11.5"]
[White "Michalowski, Peter"]
[Black "Overbeck, Thorsten"]
[Result "1/2-1/2"]
[WhiteElo "2099"]
[BlackElo "2303"]
[PlyCount "39"]
[EventDate "2018.10.21"]
[EventType "team-tourn"]
[EventRounds "11"]
[EventCountry "GER"]
[SourceTitle "EXT 2020"]
[Source "ChessBase"]
[SourceDate "2019.10.17"]
[SourceVersion "1"]
[SourceVersionDate "2019.10.17"]
[SourceQuality "1"]
[WhiteTeam "Erfurt Empor"]
[BlackTeam "Neuberg"]
[WhiteTeamCountry "GER"]
[BlackTeamCountry "GER"]

1. e4 c6 2. d4 d5 3. e5 Bf5 4. Nf3 e6 5. Be2 Nd7 6. 0-0 Ne7 7. Nbd2 c5 8. c4 a6 9. Re1 cxd4 10. cxd5 Nxd5 11. Nxd4 Bg6 12. Bf3 Nc5 13. Ne4 Nxe4 14. Bxe4 Bb4 15. Bd2 Be7 16. Qb3 Bxe4 17. Rxe4 Qd7 18. Qg3 g6 19. Bg5 0-0-0 20. Bxe7 1/2-1/2

[Event "Oberliga Ost-B 1819"]
[Site "Germany"]
[Date "2019.03.24"]
[Round "9.6"]
[White "Overbeck, Thorsten"]
[Black "Ungurean, Florin Ioan"]
[Result "1/2-1/2"]
[WhiteElo "2303"]
[BlackElo "2000"]
[PlyCount "80"]
[EventDate "2018.10.21"]
[EventType "team-tourn"]
[EventRounds "11"]
[EventCountry "GER"]
[SourceTitle "EXT 2020"]
[Source "ChessBase"]
[SourceDate "2019.10.17"]
[SourceVersion "1"]
[SourceVersionDate "2019.10.17"]
[SourceQuality "1"]
[WhiteTeam "Neuberg"]
[BlackTeam "Wiesbaden"]
[WhiteTeamCountry "GER"]
[BlackTeamCountry "GER"]

1. d4 d5 2. c4 c6 3. Nf3 Nf6 4. e3 Bg4 5. h3 Bxf3 6. Qxf3 e6 7. Bd3 Nbd7 8. 0-0 Bd6 9. Nc3 0-0 10. Qe2 Re8 11. Rd1 Qe7 12. e4 dxe4 13. Nxe4 Nxe4 14. Bxe4 Rad8 15. Be3 Nf8 16. g3 Qc7 17. Bg2 Ng6 18. Qc2 Be7 19. Rac1 Bf6 20. d5 c5 21. dxe6 Rxd1+ 22. Rxd1 Rxe6 23. Qa4 h5 24. Rd7 Qe5 25. Qxa7 h4 26. Rd5 Qc7 27. Rxc5 Qd7 28. Rd5 Qe8 29. g4 b6 30. Rd3 Ne5 31. Rd4 Nf3+ 32. Bxf3 Rxe3 33. fxe3 Qxe3+ 34. Kg2 Qxd4 35. Qa8+ Bd8 36. Qd5 Qxb2+ 37. Kf1 Qc1+ 38. Ke2 Qc2+ 39. Kf1 Qc1+ 40. Ke2 Qc2+ 1/2-1/2

[Event "BL2-Ost 1516"]
[Site "Germany"]
[Date "2016.01.31"]
[Round "8.5"]
[White "Pitl, Gregory"]
[Black "Overbeck, Thorsten"]
[Result "1/2-1/2"]
[WhiteElo "2405"]
[BlackElo "2310"]
[PlyCount "41"]
[EventDate "2015.09.20"]
[EventType "team-tourn"]
[EventRounds "9"]
[EventCountry "GER"]
[SourceTitle "CBM 171 Extra"]
[Source "ChessBase"]
[SourceDate "2016.04.26"]
[SourceVersion "1"]
[SourceVersionDate "2016.04.26"]
[SourceQuality "1"]
[WhiteTeam "Goeggingen"]
[BlackTeam "Neuberg"]
[WhiteTeamCountry "GER"]
[BlackTeamCountry "GER"]

1. e4 c5 2. Nf3 Nc6 3. d4 cxd4 4. Nxd4 e6 5. Nc3 Qc7 6. Be3 a6 7. Qf3 Nf6 8. 0-0-0 d6 9. Nxc6 Qxc6 10. Bd3 e5 11. h3 Be6 12. g4 h6 13. Qe2 0-0-0 14. f4 exf4 15. Bxf4 Nd7 16. Kb1 g5 17. Be3 Bg7 18. Nd5 Rhe8 19. Bc4 Nf6 20. Bd4 Nxd5 21. Bxg7 1/2-1/2

[Event "BL2-Ost 1516"]
[Site "Germany"]
[Date "2016.01.30"]
[Round "7.5"]
[White "Overbeck, Thorsten"]
[Black "Ott, Florian"]
[Result "1/2-1/2"]
[WhiteElo "2310"]
[BlackElo "2317"]
[PlyCount "43"]
[EventDate "2015.09.20"]
[EventType "team-tourn"]
[EventRounds "9"]
[EventCountry "GER"]
[SourceTitle "CBM 171 Extra"]
[Source "ChessBase"]
[SourceDate "2016.04.26"]
[SourceVersion "1"]
[SourceVersionDate "2016.04.26"]
[SourceQuality "1"]
[WhiteTeam "Neuberg"]
[BlackTeam "Forchheim"]
[WhiteTeamCountry "GER"]
[BlackTeamCountry "GER"]

1. d4 Nf6 2. c4 e6 3. Nf3 b6 4. g3 Ba6 5. b3 b5 6. cxb5 Bxb5 7. Bg2 d5 8. 0-0 Nbd7 9. Nc3 Ba6 10. Bf4 Ba3 11. Qd2 0-0 12. Ne5 Nxe5 13. Bxe5 Nd7 14. Bf4 c5 15. dxc5 Bxc5 16. Rfe1 Rc8 17. Na4 Be7 18. Be3 Qc7 19. Rac1 Qb7 20. Qd4 Bb4 21. Bd2 Rxc1 22. Rxc1 1/2-1/2

[Event "Oberliga Ost-B 1415"]
[Site "Germany"]
[Date "2015.02.22"]
[Round "8.5"]
[White "Overbeck, Thorsten"]
[Black "Dreyer, Michael"]
[Result "1-0"]
[WhiteElo "2311"]
[BlackElo "2213"]
[PlyCount "123"]
[EventDate "2014.09.21"]
[EventType "team-tourn"]
[EventRounds "11"]
[EventCountry "GER"]
[SourceTitle "EXT 2016"]
[Source "ChessBase"]
[SourceDate "2015.10.08"]
[SourceVersion "1"]
[SourceVersionDate "2015.10.08"]
[SourceQuality "1"]
[WhiteTeam "Neuberg"]
[BlackTeam "Jena Schott"]
[WhiteTeamCountry "GER"]
[BlackTeamCountry "GER"]

1. d4 Nf6 2. c4 d6 3. Nc3 Nbd7 4. Nf3 e5 5. Bg5 Be7 6. e3 c6 7. Qc2 h6 8. Bh4 0-0 9. Be2 Re8 10. 0-0 Qc7 11. h3 b6 12. Bg3 Bb7 13. Rfd1 Rac8 14. b4 Bf8 15. c5 bxc5 16. bxc5 Qa5 17. cxd6 Bxd6 18. dxe5 Bxe5 19. Nxe5 Nxe5 20. Ne4 Nxe4 21. Qxe4 Ng6 22. Qc2 Nf8 23. Qc4 c5 24. Rab1 Re4 25. Qc2 Rb4 26. Bc4 Qb6 27. Qf5 Qf6 28. Qxf6 gxf6 29. Rbc1 Kg7 30. Rd6 Rc6 31. Bb3 c4 32. Rxc6 cxb3 33. axb3 Bxc6 34. Rxc6 Rxb3 35. Ra6 Rb1+ 36. Kh2 Rb7 37. f3 Ne6 38. e4 Nc5 39. Ra3 Nb3 40. Be1 Nd4 41. Ra6 Nb5 42. Bh4 Rb6 43. Rxb6 axb6 44. Bf2 Kg6 45. g4 h5 46. Bxb6 hxg4 47. hxg4 Nd6 48. Kg3 Ne8 49. Bc5 Nc7 50. f4 Ne8 51. Bd4 Kh7 52. Kf3 Kg6 53. Ke3 Kh7 54. Kd3 Kg8 55. Kc4 Kf8 56. Bc5+ Kg7 57. Kd5 Nc7+ 58. Kd6 Ne6 59. Be3 Nf8 60. f5 Nh7 61. Ke7 Kg8 62. Bh6 1-0

[Event "Oberliga Ost-B 1415"]
[Site "Germany"]
[Date "2014.10.19"]
[Round "3.5"]
[White "Overbeck, Thorsten"]
[Black "Wildenrath, Dirk"]
[Result "1-0"]
[WhiteElo "2311"]
[BlackElo "2229"]
[PlyCount "99"]
[EventDate "2014.09.21"]
[EventType "team-tourn"]
[EventRounds "11"]
[EventCountry "GER"]
[SourceTitle "EXT 2016"]
[Source "ChessBase"]
[SourceDate "2015.10.08"]
[SourceVersion "1"]
[SourceVersionDate "2015.10.08"]
[SourceQuality "1"]
[WhiteTeam "Neuberg"]
[BlackTeam "Merseburg"]
[WhiteTeamCountry "GER"]
[BlackTeamCountry "GER"]

1. d4 Nf6 2. c4 g6 3. Nc3 Bg7 4. e4 0-0 5. Nf3 d6 6. Be2 c6 7. 0-0 Na6 8. Qc2 Bg4 9. Be3 Qc7 10. a3 e5 11. d5 cxd5 12. cxd5 Nb8 13. Rac1 a6 14. Nd2 Bxe2 15. Nxe2 Qxc2 16. Rxc2 Nbd7 17. f3 Rfc8 18. Rfc1 Rxc2 19. Rxc2 Ne8 20. Nc4 Rc8 21. Rc3 b5 22. Na5 Rxc3 23. Nxc3 f5 24. Nc6 Bf6 25. a4 bxa4 26. Nxa4 Kf7 27. Kf2 Be7 28. Ke2 Nef6 29. Kd3 fxe4+ 30. fxe4 Ng4 31. Bg1 Bg5 32. Nb4 Nb8 33. Ba7 Nd7 34. h3 Ngf6 35. Nxa6 Nh5 36. Ke2 Ng3+ 37. Kd3 Nh5 38. Be3 Nf4+ 39. Bxf4 exf4 40. Nc7 Ne5+ 41. Ke2 h5 42. Ne6 Bh6 43. h4 Kf6 44. b4 g5 45. hxg5+ Bxg5 46. b5 h4 47. b6 h3 48. b7 hxg2 49. Kf2 Bh4+ 50. Kg1 1-0

[Event "BL2-Sued 1314"]
[Site "Germany"]
[Date "2014.04.06"]
[Round "9.2"]
[White "Overbeck, Thorsten"]
[Black "Lobzhanidze, Davit"]
[Result "1/2-1/2"]
[WhiteElo "2308"]
[BlackElo "2451"]
[PlyCount "47"]
[EventDate "2013.10.13"]
[EventType "team-tourn"]
[EventRounds "9"]
[EventCountry "GER"]
[SourceTitle "EXT 2015"]
[Source "ChessBase"]
[SourceDate "2014.11.20"]
[SourceVersion "1"]
[SourceVersionDate "2014.11.20"]
[SourceQuality "1"]
[WhiteTeam "Neuberg"]
[BlackTeam "Hofheim"]
[WhiteTeamCountry "GER"]
[BlackTeamCountry "GER"]

1. d4 d5 2. c4 e6 3. Nc3 Nf6 4. cxd5 exd5 5. Bg5 Be7 6. e3 c6 7. Qc2 0-0 8. Bd3 Nbd7 9. Nf3 Re8 10. 0-0 Nf8 11. h3 Be6 12. Rab1 N6d7 13. Bf4 Nb6 14. b4 a6 15. a4 Bd6 16. Bxd6 Qxd6 17. a5 Nc8 18. Na4 Qd8 19. Nc5 Nd6 20. Rfe1 f6 21. Rbd1 Bf7 22. Nh4 Qc7 23. f3 Rad8 24. Qf2 1/2-1/2

[Event "BL2-Sued 1314"]
[Site "Germany"]
[Date "2014.03.16"]
[Round "8.4"]
[White "Tabatt, Hendrik"]
[Black "Overbeck, Thorsten"]
[Result "1-0"]
[WhiteElo "2314"]
[BlackElo "2315"]
[PlyCount "51"]
[EventDate "2013.10.13"]
[EventType "team-tourn"]
[EventRounds "9"]
[EventCountry "GER"]
[SourceTitle "EXT 2015"]
[Source "ChessBase"]
[SourceDate "2014.11.20"]
[SourceVersion "1"]
[SourceVersionDate "2014.11.20"]
[SourceQuality "1"]
[WhiteTeam "Schwarzenbach"]
[BlackTeam "Neuberg"]
[WhiteTeamCountry "GER"]
[BlackTeamCountry "GER"]

1. d4 d5 2. c4 c6 3. Nf3 Nf6 4. Nc3 dxc4 5. e4 b5 6. e5 Nd5 7. a4 e6 8. Be2 b4 9. Ne4 Ba6 10. 0-0 Qa5 11. Nfd2 Nb6 12. Bh5 N8d7 13. Ng5 g6 14. Qf3 gxh5 15. Qxf7+ Kd8 16. Nde4 Kc8 17. Nf6 c3 18. Nxe6 Bc4 19. Nxd7 Bxe6 20. Nxb6+ Qxb6 21. Qxe6+ Kb7 22. bxc3 bxc3 23. a5 Qxd4 24. Rb1+ Bb4 25. Be3 Qe4 26. Qe7+ 1-0

[Event "BL2-Sued 1314"]
[Site "Germany"]
[Date "2014.02.09"]
[Round "6.4"]
[White "Maier, Christian"]
[Black "Overbeck, Thorsten"]
[Result "1-0"]
[WhiteElo "2369"]
[BlackElo "2322"]
[PlyCount "47"]
[EventDate "2013.10.13"]
[EventType "team-tourn"]
[EventRounds "9"]
[EventCountry "GER"]
[SourceTitle "EXT 2015"]
[Source "ChessBase"]
[SourceDate "2014.11.20"]
[SourceVersion "1"]
[SourceVersionDate "2014.11.20"]
[SourceQuality "1"]
[WhiteTeam "Untergrombach"]
[BlackTeam "Neuberg"]
[WhiteTeamCountry "GER"]
[BlackTeamCountry "GER"]

1. d4 d5 2. c4 c6 3. Nf3 Nf6 4. e3 Bf5 5. Nc3 e6 6. Qb3 Qc7 7. Bd2 Nbd7 8. Rc1 Nb6 9. Ne5 Be7 10. cxd5 exd5 11. Nb5 Qd8 12. Rxc6 bxc6 13. Nxc6 Qd7 14. Nxe7 Kxe7 15. Bb4+ Ke6 16. e4 Nxe4 17. f3 g6 18. fxe4 Bxe4 19. Qg3 f6 20. Nc7+ Kf7 21. Bb5 Qd8 22. Nxa8 Nxa8 23. 0-0 Nc7 24. Ba5 1-0

[Event "BL2-Sued 1314"]
[Site "Germany"]
[Date "2013.11.10"]
[Round "2.4"]
[White "Overbeck, Thorsten"]
[Black "Strohhaeker, Raoul"]
[Result "1/2-1/2"]
[WhiteElo "2317"]
[BlackElo "2435"]
[PlyCount "122"]
[EventDate "2013.10.13"]
[EventType "team-tourn"]
[EventRounds "9"]
[EventCountry "GER"]
[SourceTitle "EXT 2015"]
[Source "ChessBase"]
[SourceDate "2014.11.20"]
[SourceVersion "1"]
[SourceVersionDate "2014.11.20"]
[SourceQuality "1"]
[WhiteTeam "Neuberg"]
[BlackTeam "Baden-Baden II"]
[WhiteTeamCountry "GER"]
[BlackTeamCountry "GER"]

1. d4 d5 2. c4 e6 3. Nc3 Nf6 4. cxd5 exd5 5. Bg5 Nbd7 6. e3 Be7 7. Qc2 c6 8. Bd3 Nf8 9. Nf3 Ne6 10. Bh4 g6 11. Rb1 0-0 12. 0-0 Ng7 13. b4 a6 14. a4 Nf5 15. Bxf6 Bxf6 16. b5 a5 17. Ne2 Qd6 18. bxc6 bxc6 19. Rb6 Ne7 20. h3 Bd7 21. Rfb1 Rfc8 22. Qc3 Nf5 23. Nf4 Bd8 24. Rb7 Ng7 25. Ne5 Be8 26. Qb3 g5 27. Ne2 c5 28. Bb5 c4 29. Qc2 Bc7 30. Nc3 Qe6 31. Nf3 h6 32. e4 dxe4 33. Nxe4 Bxb5 34. R1xb5 Bd8 35. Ne5 Nf5 36. Qc3 f6 37. Nc5 Rxc5 38. Rxc5 fxe5 39. Rxe5 Qc6 40. Rbb5 Nd6 41. Rbc5 Qxa4 42. Qf3 Ra7 43. Qd5+ Nf7 44. Qe6 Re7 45. Qg6+ Kf8 46. Rxe7 Kxe7 47. Rf5 Qe8 48. Rf3 Kf8 49. Qxh6+ Kg8 50. Qg6+ Kf8 51. g3 Qd7 52. h4 gxh4 53. gxh4 c3 54. h5 c2 55. Qxc2 Qg4+ 56. Rg3 Qxh5 57. Qe4 Bc7 58. Rf3 Qg5+ 59. Kh1 Qc1+ 60. Kg2 Qg5+ 61. Kf1 Qc1+ 1/2-1/2

[Event "Oberliga Ost-B 1213"]
[Site "Germany"]
[Date "2013.04.13"]
[Round "10.4"]
[White "Overbeck, Thorsten"]
[Black "Schmidt, Arndt"]
[Result "1/2-1/2"]
[WhiteElo "2295"]
[BlackElo "2132"]
[PlyCount "37"]
[EventDate "2012.09.30"]
[EventType "team-tourn"]
[EventRounds "11"]
[EventCountry "GER"]
[SourceTitle "EXT 2014"]
[Source "ChessBase"]
[SourceDate "2013.11.20"]
[SourceVersion "1"]
[SourceVersionDate "2013.11.20"]
[SourceQuality "1"]
[WhiteTeam "Neuberg"]
[BlackTeam "Marburg"]
[WhiteTeamCountry "GER"]
[BlackTeamCountry "GER"]

1. d4 Nf6 2. c4 e6 3. Nf3 d5 4. Nc3 Be7 5. cxd5 exd5 6. Bg5 0-0 7. e3 c6 8. Qc2 Nbd7 9. Bd3 Re8 10. 0-0 Nf8 11. h3 Be6 12. Ne5 N6d7 13. Bxe7 Qxe7 14. f4 f6 15. Nf3 Bf7 16. Rae1 Nb6 17. Kh1 Rad8 18. Qf2 Nc8 19. g4 1/2-1/2

[Event "Pardubice Czech op-A 23rd"]
[Site "Pardubice"]
[Date "2012.07.28"]
[Round "9"]
[White "Overbeck, Thorsten"]
[Black "Baraeva, Irina"]
[Result "1/2-1/2"]
[WhiteElo "2295"]
[BlackElo "2151"]
[PlyCount "39"]
[EventDate "2012.07.12"]
[EventType "swiss"]
[EventRounds "9"]
[EventCountry "CZE"]
[SourceTitle "CBM 149 Extra"]
[Source "ChessBase"]
[SourceDate "2012.08.24"]
[SourceVersion "1"]
[SourceVersionDate "2012.08.24"]
[SourceQuality "1"]

1. d4 d5 2. c4 c6 3. Nf3 Nf6 4. cxd5 cxd5 5. Nc3 Nc6 6. Bf4 a6 7. Rc1 e6 8. e3 Bd6 9. Bg5 0-0 10. Bd3 Bd7 11. 0-0 Rc8 12. Bb1 Na5 13. Qd3 g6 14. Ne5 Be7 15. Bh6 Re8 16. Qe2 Nc4 17. Bd3 Nd6 18. f3 b5 19. e4 Qb6 20. Be3 1/2-1/2

[Event "Pardubice Czech op-A 23rd"]
[Site "Pardubice"]
[Date "2012.07.27"]
[Round "8"]
[White "Haba, Petr"]
[Black "Overbeck, Thorsten"]
[Result "1-0"]
[WhiteElo "2485"]
[BlackElo "2295"]
[PlyCount "65"]
[EventDate "2012.07.12"]
[EventType "swiss"]
[EventRounds "9"]
[EventCountry "CZE"]
[SourceTitle "CBM 149 Extra"]
[Source "ChessBase"]
[SourceDate "2012.08.24"]
[SourceVersion "1"]
[SourceVersionDate "2012.08.24"]
[SourceQuality "1"]

1. Nf3 d5 2. g3 Nf6 3. Bg2 c6 4. 0-0 Bg4 5. d4 Nbd7 6. Nbd2 e6 7. Re1 Be7 8. e4 dxe4 9. Nxe4 Nxe4 10. Rxe4 Bf5 11. Re1 0-0 12. c3 a5 13. a4 Bg4 14. Bf4 Qb6 15. h3 Bh5 16. Qc1 Rfe8 17. Nd2 Nf6 18. Nc4 Qd8 19. Ne5 Nd5 20. Bd2 Qb6 21. h4 Bd6 22. c4 Bxe5 23. Rxe5 Nf6 24. Bc3 Ra7 25. Qd2 Rea8 26. d5 Qc7 27. dxe6 fxe6 28. Rxe6 Bf7 29. Rxf6 gxf6 30. Bxf6 Be6 31. Qg5+ Kf8 32. Re1 Qf7 33. Qh6+ 1-0

[Event "Pardubice Czech op-A 23rd"]
[Site "Pardubice"]
[Date "2012.07.26"]
[Round "7"]
[White "Overbeck, Thorsten"]
[Black "Potapov, Pavel"]
[Result "1/2-1/2"]
[WhiteElo "2295"]
[BlackElo "2458"]
[PlyCount "58"]
[EventDate "2012.07.12"]
[EventType "swiss"]
[EventRounds "9"]
[EventCountry "CZE"]
[SourceTitle "CBM 149 Extra"]
[Source "ChessBase"]
[SourceDate "2012.08.24"]
[SourceVersion "1"]
[SourceVersionDate "2012.08.24"]
[SourceQuality "1"]

1. d4 f5 2. Nc3 d5 3. Bf4 Nf6 4. e3 e6 5. Nf3 Be7 6. Bd3 0-0 7. 0-0 b6 8. Nb5 Na6 9. Ne5 Bb7 10. c4 Nb4 11. Be2 dxc4 12. Bxc4 Nbd5 13. Bg5 Ne4 14. Bxe7 Qxe7 15. Rc1 Rfc8 16. Nc3 Ndxc3 17. bxc3 c5 18. f3 Nd6 19. Bb3 Rd8 20. Qe2 Rac8 21. Rfd1 Bd5 22. dxc5 Bxb3 23. axb3 Rxc5 24. Nd3 Rcc8 25. c4 e5 26. Qb2 e4 27. Qe5 Qxe5 28. Nxe5 exf3 29. gxf3 Nf7 1/2-1/2

[Event "Pardubice Czech op-A 23rd"]
[Site "Pardubice"]
[Date "2012.07.21"]
[Round "2"]
[White "Zaksaite, Salomeja"]
[Black "Overbeck, Thorsten"]
[Result "0-1"]
[WhiteElo "2179"]
[BlackElo "2295"]
[PlyCount "164"]
[EventDate "2012.07.12"]
[EventType "swiss"]
[EventRounds "9"]
[EventCountry "CZE"]
[SourceTitle "CBM 149 Extra"]
[Source "ChessBase"]
[SourceDate "2012.08.24"]
[SourceVersion "1"]
[SourceVersionDate "2012.08.24"]
[SourceQuality "1"]

1. e4 c6 2. d4 d5 3. e5 Bf5 4. Nf3 e6 5. Be2 Nd7 6. 0-0 Ne7 7. Nbd2 Nc8 8. Ne1 Be7 9. f4 Bg6 10. b3 c5 11. c4 Ncb6 12. Bb2 cxd4 13. Bxd4 0-0 14. Kh1 dxc4 15. Nxc4 Nxc4 16. bxc4 Qc7 17. Nf3 Nc5 18. Qc1 Rfd8 19. Qe3 b6 20. Rfd1 Rd7 21. Nd2 Rad8 22. Nf3 h6 23. Rac1 Qc6 24. Kg1 Qa4 25. Ra1 Ne4 26. Kf1 Bc5 27. g4 h5 28. gxh5 Bxh5 29. Qxe4 Bxf3 30. Qxf3 Rxd4 31. Rxd4 Rxd4 32. f5 Qc2 33. fxe6 fxe6 34. Rd1 Rxd1+ 35. Bxd1 Qxc4+ 36. Qe2 Qf4+ 37. Kg2 Bd4 38. Bb3 Kf7 39. Qf3 Qxf3+ 40. Kxf3 Bxe5 41. h3 Ke7 42. Ke4 Kd6 43. Bc4 Bf6 44. a4 Bh4 45. Kd3 e5 46. Bf7 Kc5 47. Be8 Bg3 48. Bd7 a6 49. Be8 Bf2 50. Bd7 Kb4 51. Be8 Bd4 52. Bc6 b5 53. axb5 axb5 54. Bd7 Ka5 55. Bc6 b4 56. Kc4 Bc3 57. h4 Kb6 58. Be4 Kc7 59. h5 Kd6 60. Bc2 Ke6 61. Kd3 Kf5 62. Ke3+ Kg5 63. Bd1 Kf5 64. Bc2+ Kg4 65. Bd1+ Kg3 66. Bb3 Bd4+ 67. Ke4 Kf2 68. Kd3 Kf3 69. Bd5+ Kf4 70. Kc4 Bc3 71. Kd3 Be1 72. Ke2 Bh4 73. Kd3 Be7 74. Bc6 Bd8 75. Kc4 Ba5 76. Kd3 b3 77. Bd5 b2 78. Kc2 Bc3 79. Ba2 Bd4 80. Kd3 Kg5 81. Bb1 Kxh5 82. Ke4 Kg4 0-1

[Event "Oberliga Ost-B 1112"]
[Site "Germany"]
[Date "2012.01.14"]
[Round "6.2"]
[White "Overbeck, Thorsten"]
[Black "Goreacinic, Dmitri"]
[Result "0-1"]
[WhiteElo "2285"]
[BlackElo "2317"]
[PlyCount "100"]
[EventDate "2011.10.02"]
[EventType "team-tourn"]
[EventRounds "11"]
[EventCountry "GER"]
[SourceTitle "EXT 2013"]
[Source "ChessBase"]
[SourceDate "2012.11.22"]
[SourceVersion "1"]
[SourceVersionDate "2012.11.22"]
[SourceQuality "1"]
[WhiteTeam "Neuberg"]
[BlackTeam "Offenbach"]
[WhiteTeamCountry "GER"]
[BlackTeamCountry "GER"]

1. d4 d5 2. c4 Bf5 3. cxd5 Bxb1 4. Qa4+ c6 5. dxc6 Nxc6 6. Rxb1 e5 7. Bd2 Qxd4 8. Qxd4 exd4 9. g3 Nf6 10. Bg2 Bd6 11. Nh3 0-0 12. 0-0 Rfe8 13. Bf3 Ne4 14. Rfd1 f5 15. Nf4 Ne5 16. Be1 Nxf3+ 17. exf3 Ng5 18. Kg2 Bxf4 19. gxf4 Ne6 20. Kg3 Rac8 21. Bb4 Red8 22. Re1 Kf7 23. Re5 g6 24. Rbe1 Rc6 25. Bd2 Rd7 26. Bb4 b6 27. Rd1 Rc4 28. Bd2 Rc2 29. Bc3 Rd8 30. Rde1 dxc3 31. Rxe6 cxb2 32. Re7+ Kg8 33. Rxa7 Re2 34. Rxe2 b1Q 35. Ree7 Qb2 36. a4 h6 37. Re6 g5 38. Rg6+ Kf8 39. Rxh6 gxf4+ 40. Kh4 Qxf2+ 41. Kg5 Qg2+ 42. Kxf5 Qc2+ 43. Kg4 Kg8 44. Rxb6 Qg2+ 45. Kf5 Rf8+ 46. Ke4 Qe2+ 47. Kd5 Qxf3+ 48. Kc4 Qe4+ 49. Kb5 Rf5+ 50. Ka6 Qxa4+ 0-1

[Event "Oberliga Ost-B 1112"]
[Site "Germany"]
[Date "2011.10.02"]
[Round "1.2"]
[White "Hausknecht, Matthias"]
[Black "Overbeck, Thorsten"]
[Result "1/2-1/2"]
[WhiteElo "2300"]
[BlackElo "2285"]
[PlyCount "45"]
[EventDate "2011.10.02"]
[EventType "team-tourn"]
[EventRounds "11"]
[EventCountry "GER"]
[SourceTitle "EXT 2013"]
[Source "ChessBase"]
[SourceDate "2012.11.22"]
[SourceVersion "1"]
[SourceVersionDate "2012.11.22"]
[SourceQuality "1"]
[WhiteTeam "Erfurt Medizin"]
[BlackTeam "Neuberg"]
[WhiteTeamCountry "GER"]
[BlackTeamCountry "GER"]

1. d4 d5 2. c4 c6 3. cxd5 cxd5 4. Bf4 Nc6 5. e3 Nf6 6. Bd3 a6 7. Nc3 Bg4 8. Nge2 e6 9. Qb3 Na5 10. Qa4+ Nc6 11. Qb3 Na5 12. Qa4+ Nc6 13. 0-0 Be7 14. Ng3 Nh5 15. h3 Nxg3 16. Bxg3 Bh5 17. Qb3 Na5 18. Qa4+ Nc6 19. a3 Bg6 20. Be2 0-0 21. b4 b5 22. Qb3 Qb6 23. Rfc1 1/2-1/2

[Event "Pardubice Czech op 22nd"]
[Site "Pardubice"]
[Date "2011.07.29"]
[Round "8"]
[White "Saiyn, Zhanat"]
[Black "Overbeck, Thorsten"]
[Result "1-0"]
[WhiteElo "2077"]
[BlackElo "2285"]
[PlyCount "87"]
[EventDate "2011.07.22"]
[EventType "swiss"]
[EventRounds "9"]
[EventCountry "CZE"]
[SourceTitle "CBM 143 Extra"]
[Source "ChessBase"]
[SourceDate "2011.08.29"]
[SourceVersion "1"]
[SourceVersionDate "2011.08.29"]
[SourceQuality "1"]

1. d4 d5 2. Nf3 Nf6 3. c4 c6 4. e3 Bf5 5. Nc3 e6 6. Nh4 Be4 7. f3 Bg6 8. Nxg6 hxg6 9. a3 Nbd7 10. f4 dxc4 11. Bxc4 a6 12. 0-0 c5 13. d5 Nb6 14. Ba2 exd5 15. g4 d4 16. exd4 Qxd4+ 17. Qxd4 cxd4 18. Re1+ Be7 19. Ne4 Kf8 20. Nxf6 gxf6 21. Bd2 Rh4 22. Re4 Rxg4+ 23. Kf2 f5 24. Rxd4 Kg7 25. h3 Bc5 26. Be3 Rh4 27. b4 Be7 28. Rd3 Rd8 29. Rad1 Rxd3 30. Rxd3 Nc8 31. Rd7 Rxh3 32. Bd5 Bh4+ 33. Ke2 Ne7 34. Bxb7 Rh2+ 35. Kd3 Ra2 36. Bd4+ Kh7 37. Bc5 Rxa3+ 38. Ke2 Ng8 39. Rxf7+ Kh6 40. Bf8+ Kh5 41. Bf3+ Rxf3 42. Kxf3 g5 43. fxg5 Kxg5 44. Rg7+ 1-0